Materials for Architects & Builders / Third Edition (Record no. 5443)
[ view plain ]
| 000 -LEADER | |
|---|---|
| fixed length control field | 01188cam a22002054a 4500 |
| 005 - ΗΜΕΡΟΜΗΝΙΑ ΚΑΙ ΩΡΑ ΤΕΛΕΥΤΑΙΑΣ ΕΝΗΜΕΡΩΣΗΣ | |
| Πεδίο ελέγχου | 20250605164212.0 |
| 008 - FIXED-LENGTH DATA ELEMENTS--GENERAL INFORMATION | |
| Πεδίο ελέγχου σταθερού μήκους | 250528s ||||||||||||||||||||||||d |
| 035 ## - SYSTEM CONTROL NUMBER | |
| System control number | 20321 |
| 020 ## - ISBN | |
| ISBN | 750669403 |
| 040 ## - ΠΗΓΗ ΚΑΤΑΛΟΓΟΓΡΑΦΗΣΗΣ | |
| Φορέας πρωτότυπης καταλογογράφησης | MC Athens Campus Library |
| Γλώσσα καταλογογράφησης | Ελληνικά, Μοντέρνα (1453-) |
| Modifying agency | MC Athens Campus Library |
| Κανόνες περιγραφικής καταλογογράφησης | AACR2 |
| 245 1# - ΤΙΤΛΟΣ ΚΑΙ ΔΗΛΩΣΗ ΥΠΕΥΘΥΝΟΤΗΤΑΣ | |
| Τίτλος | Materials for Architects & Builders / Third Edition |
| 250 ## - EDITION STATEMENT | |
| Edition statement | 3rd |
| 260 ## - PUBLICATION, DISTRIBUTION, ETC. | |
| Name of publisher, distributor, etc. | Elsevier, |
| Date of publication, distribution, etc. | 2007 |
| 300 ## - PHYSICAL DESCRIPTION | |
| Extent | 372 |
| 520 ## - SUMMARY, ETC. | |
| Summary, etc. | This book provides an introduction to a wide range of building materials. The book also describes many recent technological innovations and rediscovered materials, reflecting an increased concern for environmental issues within the industry. Bricks and Brickwork, Blocks and Blockwork, Lime and Cement and Concrete, Timber and Timber Products, Ferrous and non-Ferrous Metals, Bitumen and Flat Roofing Materials, Glass, Ceramic Materials, Stone and Cast Stone, Plastics, Glass-Fibre Reinforced Plastics, Plaster and Board Materials, Insulation Materials, Energy-saving Materials and Components, Recycled and Ecological Materials, Sealants and Gaskets and Adhesives, Paints and Wood Stains and Varnishes. |
| 700 1# - ΠΡΟΣΘΕΤΗ ΑΝΑΓΡΑΦΗ--ΦΥΣΙΚΟ ΠΡΟΣΩΠΟ | |
| Personal name | Lyons Arthur |
| 9 (RLIN) | 6327 |
| 942 ## - ADDED ENTRY ELEMENTS (KOHA) | |
| Koha item type | Books |
| Τύπος τεκμηρίου | Βιβλιοθήκη | Τρέχουσα τοποθεσία | Barcode | Αριθμός εισαγωγής | Ημερομηνία απόκτησης | Ταξιθετικό σύμβολο | Αριθμός αντιτύπου | Κατάσταση απόσυρσης | Κατάσταση χαμένου | Κατάσταση κατεστραμμένου | Μη δανεισμός | Σύνολο δανεισμών | Ημερομηνία τελευταίας εμφάνισης | Η τιμή ισχύει από |
|---|---|---|---|---|---|---|---|---|---|---|---|---|---|---|
| Books | MC Athens Campus Library | MC Athens Campus Library | 9780000054425 | 6713 | 05/06/2025 | 691 LYO | 1 | 05/06/2025 | 05/06/2025 |